| 000 | 00551nam a2200193Ia 4500 | ||
|---|---|---|---|
| 003 | IIN | ||
| 005 | 20250505110743.0 | ||
| 008 | 231217s2024 xx ad 000 0 eng d | ||
| 020 |
_cRs.1699.00 _a9789381390429 |
||
| 040 |
_aIIN _bEnglish |
||
| 082 |
_a610.73677 _bANS |
||
| 100 | 1 | _aAnsari, Javed | |
| 245 | 1 |
_aConcise Courses in Medical-Surgical Nursing-II/ _cJaved Ansari & Davinder Kaur |
|
| 260 |
_bPee Vee _aJalandhar _c2022 |
||
| 300 | _a[16], 1-912p. / V.2 | ||
| 650 | 1 |
_aMedical Surgical _vNursing |
|
| 700 | 1 | _aKaur, Davinder | |
| 942 | _cBOOK | ||
| 999 |
_c1549 _d1549 |
||